Normal view
MARC view
- Work Deeply
Entry Topical Term
001 - CONTROL NUMBER
- control field: 134407
003 - CONTROL NUMBER IDENTIFIER
- control field: NUST
005 - DATE AND TIME OF LATEST TRANSACTION
- control field: 20260512095348.0
008 - FIXED-LENGTH DATA ELEMENTS
- fixed length control field: 260512|| aca||aabn | a|a d
040 ## - CATALOGING SOURCE
- Original cataloging agency: NUST
- Transcribing agency: NUST
150 ## - HEADING--TOPICAL TERM
- Topical term or geographic name entry element: Work Deeply
670 ## - SOURCE DATA FOUND
- Source citation: Work cat.: (NUST): Newport, Cal 89091, Deep work:, 2016
